Water resources of Natchitoches Parish Louisiana, (Record no. 29885)
[ view plain ]
| 000 -LEADER | |
|---|---|
| fixed length control field | 01402cam a22003371 4500 |
| 001 - CONTROL NUMBER | |
| control field | gs 64000303 |
| 003 - CONTROL NUMBER IDENTIFIER | |
| control field | DLC |
| 005 - DATE AND TIME OF LATEST TRANSACTION | |
| control field | 20260227111414.0 |
| 008 - FIXED-LENGTH DATA ELEMENTS--GENERAL INFORMATION | |
| fixed length control field | 791116s1963 lauab s001 0 eng |
| 010 ## - LIBRARY OF CONGRESS CONTROL NUMBER | |
| LC control number | gs 64000303 |
| 035 ## - SYSTEM CONTROL NUMBER | |
| System control number | (OCoLC)5701831 |
| 040 ## - CATALOGING SOURCE | |
| Original cataloging agency | DLC |
| Transcribing agency | L |
| Modifying agency | OCoLC |
| -- | DLC |
| 042 ## - AUTHENTICATION CODE | |
| Authentication code | premarc |
| 050 00 - LIBRARY OF CONGRESS CALL NUMBER | |
| Classification number | GB705.L8 |
| Item number | A8 no. 4 |
| 100 1# - MAIN ENTRY--PERSONAL NAME | |
| Personal name | Newcome, Roy, |
| Dates associated with a name | 1925- |
| 245 10 - TITLE STATEMENT | |
| Title | Water resources of Natchitoches Parish Louisiana, |
| Statement of responsibility, etc. | by Roy Newcome, Jr., Leland V. Page and Raymond Sloss. |
| 260 ## - PUBLICATION, DISTRIBUTION, ETC. | |
| Place of publication, distribution, etc. | Baton Rouge, |
| Name of publisher, distributor, etc. | Dept. of Conservation, Louisiana Geological Survey and Louisiana Dept. of Public Works, |
| Date of publication, distribution, etc. | 1963. |
| 300 ## - PHYSICAL DESCRIPTION | |
| Extent | xi, 189 p. |
| Other physical details | illus., maps. |
| Dimensions | 23 cm. |
| Extent | and portfolio (6 fold. plates, 6 fold. maps) |
| 410 20 - SERIES STATEMENT/ADDED ENTRY--CORPORATE NAME [OBSOLETE, CAN/MARC], [LOCAL, USA] | |
| Corporate name or jurisdiction name as entry element | Louisiana Geological Survey |
| Title of a work | Water resources bulletin |
| Volume number/sequential designation | no. 4. |
| 500 ## - GENERAL NOTE | |
| General note | Prepared in cooperation with the U. S. Geological Survey. |
| 504 ## - BIBLIOGRAPHY, ETC. NOTE | |
| Bibliography, etc. note | Bibliography: p. 111-115. |
| 650 #0 - SUBJECT ADDED ENTRY--TOPICAL TERM | |
| Topical term or geographic name entry element | Water-supply |
| Geographic subdivision | Louisiana |
| -- | Natchitoches Parish. |
| 650 #0 - SUBJECT ADDED ENTRY--TOPICAL TERM | |
| Topical term or geographic name entry element | Groundwater |
| Geographic subdivision | Louisiana |
| -- | Natchitoches Parish. |
| 650 #0 - SUBJECT ADDED ENTRY--TOPICAL TERM | |
| Topical term or geographic name entry element | Stream measurements |
| Geographic subdivision | Louisiana |
| -- | Natchitoches Parish. |
| 650 #0 - SUBJECT ADDED ENTRY--TOPICAL TERM | |
| Topical term or geographic name entry element | Borings |
| Geographic subdivision | Louisiana |
| -- | Natchitoches Parish. |
| 650 #0 - SUBJECT ADDED ENTRY--TOPICAL TERM | |
| Topical term or geographic name entry element | Water |
| General subdivision | Composition. |
| 700 1# - ADDED ENTRY--PERSONAL NAME | |
| Personal name | Page, Leland Vernon, |
| Dates associated with a name | 1915- |
| Relator term | joint author. |
| 700 1# - ADDED ENTRY--PERSONAL NAME | |
| Personal name | Sloss, Raymond, |
| Dates associated with a name | 1920- |
| Relator term | joint author. |
| 710 2# - ADDED ENTRY--CORPORATE NAME | |
| Corporate name or jurisdiction name as entry element | Geological Survey (U.S.) |
| 710 1# - ADDED ENTRY--CORPORATE NAME | |
| Corporate name or jurisdiction name as entry element | Louisiana. |
| Subordinate unit | Department of Public Works. |
No items available.